000 00481nam a2200193 a 4500
001 1761297808544
003 YourLibrary
005 20251024145448.0
008 251024s2015##################000#0#eng##
020 _a1330518209
082 0 4 _a582.0952
_bRAI
100 1 _aDuthie, J. F.,
_eauthor.
245 1 0 _aFlora of the Upper Gangetic Plain :
260 _c2015.
300 _a280 pages
650 0 _aScience.
942 _cENGLISH
040 _aYourLibrary
_beng
_cYourLibrary
999 _c593357
_d593357